Transiciones : instituciones y subjetividades en los inicios de los estudios universitarios /

Bibliographic Details
Main Author: Andrade, Rocío (Author)
Other Authors: Vercellino, Soledad (Editor), Pogré, Paula (Editor)
Format: Electronic eBook
Language:Spanish
Published: Río Negro, Argentina : Editorial UNRN, 2023.
Series:Aperturas. Serie Sociales.
Subjects:
Online Access:Digitalia Hispánica

MARC

LEADER 00000nam a2200000Ii 4500
001 DIGEDUNRN0018
003 NyNyDIG
008 240715s2023 ag a ob 000 0 spa d
006 m o d
007 cr |||||||||||
035 |a (OCoLC)1449535857 
040 |a DGITA  |b eng  |e rda  |e pn  |c DGITA 
020 |a 9789878258430  |q eBook 
020 |z 9789878258218 
043 |a s-ag--- 
050 1 4 |a LA548 ebook 
245 0 0 |a Transiciones :  |b instituciones y subjetividades en los inicios de los estudios universitarios /  |c compiladores, Soledad Vercellino y Paula Pogré ; autores, Rocío Andrade [and 40 others]. 
264 1 |a Río Negro, Argentina :  |b Editorial UNRN,  |c 2023. 
300 |a 1 online resource :  |b illustrations. 
336 |a text  |b txt  |2 rdacontent 
337 |a computer  |b c  |2 rdamedia 
338 |a online resource  |b cr  |2 rdacarrier 
347 |a text file  |2 rdaft 
347 |b EPUB 
490 1 |a Aperturas. Serie Sociales 
504 |a Includes bibliographical references. 
588 0 |a Online resource; title from ePub title page (Digitalia, viewed July 15, 2024) 
650 0 |a Education, Higher  |z Argentina. 
650 0 |a Counseling in higher education. 
700 1 |a Andrade, Rocío,  |e author. 
700 1 |a Vercellino, Soledad,  |e editor. 
700 1 |a Pogré, Paula,  |e editor. 
776 0 8 |i Print version:  |t Transiciones.  |d Río Negro, Argentina : Editorial UNRN, 2023  |z 9789878258218 
791 2 |a Digitalia (Firm),  |e distributor. 
793 0 |g Digitalia eBook Collection:  |a Editorial UNRN 
830 0 |a Aperturas.  |p Serie Sociales.  
856 4 0 |3 Digitalia Hispánica  |u https://www.digitaliapublishing.com/a/144696/ 
910 |a Premium collection: 2024